Kraftwerk Discography - Statistics

General Stats
  • This quiz has been taken 81 times
    45 since last reset
  • The average score is 12 of 19
Answer Stats
Type Year Name % Correct
Album 1974 Autobahn
100%
Album 1978 The Man-Machine
97%
Album 1970 Kraftwerk
94%
Album 1977 Trans-Europe Express
94%
Album 1975 Radio-Activity
92%
Album 1981 Computer World
89%
Album 1986 Electric Café
86%
Album 1972 Kraftwerk 2
86%
Remix Album 1991 The Mix
72%
Album 1973 Ralf und Florian
67%
Album 2003 Tour de France Soundtracks
61%
Live Album 2005 Minimum-Maximum
58%
Video Album 2005 Minimum-Maximum
58%
Live Album 2017 3-D The Catalogue
56%
Box Set 2009 The Catalogue
36%
Remix Album 2020 Remixes
28%
Box Set 1997 Klang Box
14%
Compilation 1981 Elektro Kinetik
8%
Compilation 1975 Exceller 8
8%
No matching quizzes found
Score Distribution
Percent of People with Each Score
Percentile by Number Answered
Your Score History
You have not taken this quiz since the last reset